00729nam a2200181 a 450000100100000000500170001000800410002704000250006808200150009310000260010824500940013425000220022826000350025030000280028570000310031395201860034499900170053000003537420200930074308.0111028s1955 sp a 000 0 spa d aDO-SdBNPbspacBNPHU axxxbF922c1 aFrobes, José96118610aCompendio de psicología experimental /cJosé Fröbes ; vesrión José A. Menchaca. a4a ed. española aMadrid :bRazón y Fe,c1955. a382 p. :bil. ;c20 cm.1 aMenchaca, José A.961187 001050718RVaGRbGRcCTd2011-10-28iLF1l0oxxx F922cp35374-10r2020-06-25w2020-06-25y1zPerteneció a la biblioteca personal de Juan Isidro Jimenes- GrullónZNo se presta c34865d34865